TB. OF HEALTH NURSING INFORMATICS & TECHNOLOGY FOR BSC. NURSING STUDENTS (Record no. 24913)

MARC details
000 -LEADER
fixed length control field 00479nam a22001697a 4500
003 - CONTROL NUMBER IDENTIFIER
control field SGT
020 ## - INTERNATIONAL STANDARD BOOK NUMBER
International Standard Book Number 9789390619214
082 ## - DEWEY DECIMAL CLASSIFICATION NUMBER
Classification number 610.73
Item number H22R
100 ## - MAIN ENTRY--PERSONAL NAME
Personal name RANDHIR, PRIYANKA
245 ## - TITLE STATEMENT
Title TB. OF HEALTH NURSING INFORMATICS & TECHNOLOGY FOR BSC. NURSING STUDENTS
250 ## - EDITION STATEMENT
Edition statement 2ND
260 ## - PUBLICATION, DISTRIBUTION, ETC. (IMPRINT)
Place of publication, distribution, etc INDIA
Name of publisher, distributor, etc CBS PUB
Year of Publication 2022
300 ## - PAGE DESCRIPTION
No. of Pages 371
650 ## - SUBJECT ADDED ENTRY--TOPICAL TERM
Topical term or geographic name as entry element NURSING BOOKS
653 ## - KEYWORDS--INDEX TERM
Keyword term HEALTH NURSING INFORMATICS & TECHNOLOGY FOR BSC. NURSING STUDENTS
942 ## - ADDED ENTRY ELEMENTS (KOHA)
Source of classification or shelving scheme Dewey Decimal Classification
Koha item type Books
942 ## - ADDED ENTRY ELEMENTS (KOHA)
-- 109
Holdings
Withdrawn status Lost status Source of classification or shelving scheme Damaged status Not for loan Collection code Home library Current library Shelving location Date acquired Vendor Name Cost, normal purchase price SGTU Bill Number Full call number Accession No. (Barcode) Date last seen Bill Date Koha item type Total Checkouts Date last borrowed Total Renewals
    Dewey Decimal Classification   Not For Loan NURSING SGT Medical Library SGT Medical Library Reference Book 02/09/2023 ABC DELHI 499.00 SGTU 16927 610.73 H22R FN5076 02/09/2023 20/06/2023 Books      
    Dewey Decimal Classification     NURSING SGT Medical Library SGT Medical Library Text Book 02/09/2023 ABC DELHI 499.00 SGTU 16927 610.73 H22R FN5077 01/06/2026 20/06/2023 Books 36 20/05/2026  
    Dewey Decimal Classification     NURSING SGT Medical Library SGT Medical Library Text Book 02/09/2023 ABC DELHI 499.00 SGTU 16927 610.73 H22R FN5078 05/06/2026 20/06/2023 Books 28 21/05/2026  
    Dewey Decimal Classification     NURSING SGT Medical Library SGT Medical Library Text Book 02/09/2023 ABC DELHI 499.00 SGTU 16927 610.73 H22R FN5079 05/06/2026 20/06/2023 Books 25 01/06/2026  
    Dewey Decimal Classification     NURSING SGT Medical Library SGT Medical Library Text Book 02/09/2023 ABC DELHI 499.00 SGTU 16927 610.73 H22R FN5080 05/06/2026 20/06/2023 Books 26 22/05/2026  
    Dewey Decimal Classification     NURSING SGT Medical Library SGT Medical Library Text Book 02/09/2023 ABC DELHI 499.00 SGTU 16927 610.73 H22R FN5081 03/06/2026 20/06/2023 Books 22 23/05/2026  
    Dewey Decimal Classification     NURSING SGT Medical Library SGT Medical Library Text Book 02/09/2023 ABC DELHI 499.00 SGTU 16927 610.73 H22R FN5082 03/06/2026 20/06/2023 Books 25 21/05/2026  
    Dewey Decimal Classification     NURSING SGT Medical Library SGT Medical Library Text Book 02/09/2023 ABC DELHI 499.00 SGTU 16927 610.73 H22R FN5083 02/06/2026 20/06/2023 Books 22 19/05/2026  
    Dewey Decimal Classification     NURSING SGT Medical Library SGT Medical Library Text Book 02/09/2023 ABC DELHI 499.00 SGTU 16927 610.73 H22R FN5084 03/06/2026 20/06/2023 Books 30 21/05/2026 1
    Dewey Decimal Classification     NURSING SGT Medical Library SGT Medical Library Text Book 02/09/2023 ABC DELHI 499.00 SGTU 16927 610.73 H22R FN5085 02/06/2026 20/06/2023 Books 31 19/05/2026